Conservation and Restoration of Glass

Gespeichert in:
Bibliographische Detailangaben
1. Verfasser: Davison Sandra
Format: Buch
Sprache:Englisch
Veröffentlicht: Oxford Butterworth-Heinemann 2003
Ausgabe:2nd ed.
Schriftenreihe:Butterworth-Heinemann Series in Conservation and Museology
Schlagworte:
Online-Zugang:Im OPAC anzeigen
Tags: Tag hinzufügen
Keine Tags, Fügen Sie das erste Tag hinzu!

MARC

LEADER 00000nam a2200000 a 4500
005 20260127134227.0
008 081215 2008 enk 000 0 eng d
020 |a 0750643412 
035 |a vtls009455376 
039 9 |y 200812151354  |z mschk03 
040 |a STUSCHK1  |b slo  |c STUSCHK1  |e AACR2 
080 |a 748.2 
100 1 |a Davison Sandra 
245 1 |a Conservation and Restoration of Glass  |c Sandra Davison 
250 |a 2nd ed. 
260 |a Oxford  |b Butterworth-Heinemann  |c 2003 
300 |a xii, 380 p.  |b ill.  |c 26 cm 
490 0 |a Butterworth-Heinemann Series in Conservation and Museology 
500 |a Includes bibliographical references and index 
650 0 |a Glassware  |x conservation and restoration 
910 |a SCHK95 
919 |a 0-7506-4341-2 
999 |c 7227  |d 7227